| 000 | 00505nam a22001697a 4500 | ||
|---|---|---|---|
| 999 |
_c17778 _d17778 |
||
| 003 | AR-CdUCM | ||
| 008 | 190509b ||||| |||| 00| 0 spa d | ||
| 040 |
_aMUNICIPALIDAD PROVINCIAL DEL CUSCO _cBIBLIOTECA MUNICIPAL DEL CUSCO |
||
| 082 |
_a869.56 / _bY12 |
||
| 100 |
_aYabar, Betty. _937955 |
||
| 245 | _aTestimonio sobre Cheqec / | ||
| 260 |
_aLima : _bUniversitaria, _c1971. |
||
| 300 |
_a300 páginas ; _c21 cm. |
||
| 650 |
_aIdioma quechua. _927790 |
||
| 942 |
_2ddc _cLIBROS |
||
| 945 |
_arum _d2019-05-09 |
||